LEADER 01280nam a2200373 i 4500 001 991001010739707536 005 20020507181608.0 008 950825s1981 us ||| | eng 020 $a0126148503 035 $ab10788669-39ule_inst 035 $aLE01305706$9ExL 040 $aDip.to Matematica$beng 082 0 $a003 084 $aAMS 08-01 084 $aAMS 08-XX 084 $aAMS 93-01 084 $aAMS 93-XX 100 1 $aSain, Michael K.$058392 245 10$aIntroduction to algebraic system theory /$cMichael K. Sain 260 $aNew York :$bAcademic Press,$c1981 300 $axiv, 347 p. :$bill. ;$c24 cm 490 0 $aMathematics in science and engineering.$pA series of monographs and textbooks,$x0076-5392 ;$v151 500 $aBibliography: p. 338-339. 500 $aIncludes index 650 0$aAlgebra 650 0$aGeneral algebraic systems 650 0$aSystem analysis 650 0$aSystems theory 907 $a.b10788669$b23-02-17$c28-06-02 912 $a991001010739707536 945 $aLE013 08-XX SAI11 (1981)$g1$i2013000033969$lle013$o-$pE0.00$q-$rl$s- $t0$u0$v0$w0$x0$y.i10889061$z28-06-02 996 $aIntroduction to algebraic system theory$9384461 997 $aUNISALENTO 998 $ale013$b01-01-95$cm$da $e-$feng$gus $h0$i1 LEADER 00989nam a2200241 i 4500 001 991003331129707536 005 20230315102337.0 008 170217s1980 it 000 0 ita d 035 $ab14317242-39ule_inst 040 $aDip.to di Storia, Società e Studi sull'Uomo$bita 082 0 $a271 100 1 $aXodo, Carla$0199354 245 10$aCultura e pedagogia nel monachesimo alto medioevale :$b'divinae vacare lectioni' /$cCarla Xodo 264 4$aBrescia :$bLa scuola,$cc1980 300 $a283, [2] p. ;$c20 cm 490 0 $aPedagogia e scuola (La scuola) ;$v56 650 4$aMonachesimo$ySec.4.-5. 907 $a.b14317242$b05-09-17$c17-02-17 912 $a991003331129707536 945 $aLE023$g1$i2023000148372$lle023$nDATRI/REV/2017$nFondo Angelo Semeraro DR n. 414 del 6/6/2016$og$pE9.00$q-$rn$so$t0$u0$v0$w0$x0$y.i15797314$z17-02-17 996 $aCultura e pedagogia nel monachesimo alto medioevale$9525875 997 $aUNISALENTO 998 $ale023$b17-02-17$cm$da$en$fita$git$h0$i0 LEADER 01481nam0 2200373 i 450 001 MIL0563865 005 20231121125550.0 010 $a8806163329 010 $a9788806163327$b3 rist. 2007 020 $aIT$b2003-5736 100 $a20080129d2002 ||||0itac50 ba 101 | $aita 102 $ait 181 1$6z01$ai $bxxxe 182 1$6z01$an 200 1 $aVita delle forme, seguito da Elogio della mano$fHenri Focillon$gprefazione di Enrico Castelnuovo 210 $aTorino$cG. Einaudi$d[2002] 215 $aXXXI, 134 p.$d20 cm 225 | $aPiccola biblioteca Einaudi. Nuova serie$v197 300 $aTrad. di Sergio Bettini e Elena De Angeli. 410 0$1001CFI0443477$12001 $aPiccola biblioteca Einaudi. Nuova serie$v197 500 10$aVie des formes, suivi de Éloge de la main. -$3CFI0174608$9CFIV025187$927893 606 $aForma$xConcetto$2FIR$3RMLC061316$9I 676 $a701.8$9$v21 700 1$aFocillon$b, Henri$3CFIV025187$4070$033219 801 3$aIT$bIT-01$c20080129 850 $aIT-FR0084 $aIT-FR0017 899 $aBiblioteca Del Monumento Nazionale Di Montecassino$bFR0084 899 $aBiblioteca umanistica Giorgio Aprea$bFR0017 $eN 912 $aMIL0563865 950 0$aBiblioteca umanistica Giorgio Aprea$d 52MAG 1 Coll Q 197$e 52FLS0000280425 VMB RS $fA $h20200313$i20200313 977 $a 25$a 52 996 $aVie des formes$927893 997 $aUNICAS